Eurovision Song Lyrics - Austria - Statistics

General Stats
  • This quiz has been taken 22 times
    21 since last reset
  • The average score is 250 of 430
Answer Stats
Answer % Correct
a
94%
me
94%
be
81%
Let
81%
to
81%
you
81%
your
81%
and
75%
And
75%
halo
75%
(Halo)
75%
Halo
75%
the
75%
we
75%
We
75%
back
69%
can
69%
CEO
69%
hell
69%
been
63%
for
63%
For
63%
Go
63%
in
63%
know
63%
night
63%
No
63%
no
63%
no)
63%
on
63%
us
63%
already
56%
'Cause
56%
feel
56%
fight
56%
finish
56%
hands
56%
one
56%
put
56%
up
56%
wait
56%
We're
56%
Yeah
56%
yeah
56%
control
50%
Fly
50%
heaven
50%
If
50%
I'm
50%
like
50%
not
50%
(Oh
50%
Oh
50%
Socrates
50%
stronger
50%
than
50%
then
50%
all
44%
angels
44%
anymore
44%
apologies
44%
bring
44%
higher
44%
knees
44%
more
44%
boss
38%
don't
38%
Don't
38%
Gods
38%
Hercules
38%
light
38%
need
38%
Philosophers
38%
sharpen
38%
teeth
38%
under
38%
are
31%
danger
31%
gonna
31%
his
31%
La
31%
la
31%
man
31%
stars
31%
among
25%
feet
25%
hundred
25%
now
25%
queens
25%
right
25%
we'll
25%
years
25%
young
25%
fear
19%
had
19%
idea
19%
it's
19%
onto
19%
something
19%
Beautiful's
13%
define
13%
Medusa
13%
think
13%
yourself
13%
black
6%
Bullseyes
6%
reachin'
6%
No matching quizzes found
Score Distribution
Percent of People with Each Score
Percentile by Number Answered
Your Score History
You have not taken this quiz since the last reset